Регионална библиотека "Любен Каравелов" - Русе

Изготовление художестевенного стекла (Запис номер 115247)

MARC детайли
000 -Лидер
Контролно поле с фиксирана дължина 01591nam a2200337 c 4500
003 - Код на организацията, давaща контролен номер
Контролно поле BLK
005 - Дата и час на последна редакция
Контролно поле 20180420231040.0
008 - Елементи от данни с фиксирана дължина
fixed length control field 180409b bul|||||r ||||||| ||bul||
010 ## - Наследен системен номер
LC control number KNG00120722000
040 ## - Източник на каталожния запис
Идентификатор на билиотеката - собственик на записа BLK
041 ## - Код за език
Код за езика на текст/звукозапис или на отделно заглавие Руски
Код за езика КДБФ Руски
080 ## - УДК
Текстов определител УДК Художествени предмети от стъкло и кристал. Витражно изкуство
УДК код - определител по УДК 748
УДК определител (075.8)
УДК - код + определител 748(075.8)
100 1# - Редна дума - Автор
Автор Ланцетти, Александр Георгиевич
Авторска отговорност първи автор
R(LIN) 87672
139 ## - Редно поле
Редна дума Ланцетти, Александр Георгиевич и др.
Авторски знак Ланс - Л 23
245 10 - Сведения за заглавието
Заглавие Изготовление художестевенного стекла
Подзаглавни данни Учеб. для худож. вузов и худож. - пром. училищ.
Редно поле (дума) Александр Георгиевич Ланцетти; съавт. Марина Леонидовна Нестеренко.
250 ## - Област на изданието
Сведения за изданието 2. перераб. и доп. изд.
257 ## - Страна на издаване
Страна на създаване/издаване СССР
260 ## - Област на издателските данни
-- Москва
Име на издателя, разпространителя и проч. Высшая школа
Година на издаване 1987
300 ## - Физическа характеристика
Страници 304 с.
Илюстрации и др. с ил.
Размери/Мащаб 21 см
380 ## - Жанр
Жанр Изкуство
650 #4 - Допълнително описание по предмет – тема
Основно описание – тема или топоним Приложно и декоративно изкуство
9 (RLIN) 248151
653 ## - Ключова дума – ненормативна
Ключова дума приложно изкуство
653 ## - Ключова дума – ненормативна
Ключова дума стъкло
653 ## - Ключова дума – ненормативна
Ключова дума учебници за ВУЗ
700 1# - Други автори (авторска отговорност)
Лично име Нестеренко, Марина Леонидовна
Автороска отговорност (Описва отношението между автора и произведението) съавт.
9 (RLIN) 314012
852 ## - Местоположение
Форматна сигнатура Цб 152390
856 4# - Електронен адрес и достъп
Електронен формат pdf - файл
Път до файла /url/
856 4# - Електронен адрес и достъп
Електронен формат pdf - файл
Път до файла /url/
942 ## - АРТИКУЛИ
Вид на библиотечния материал Книги
Скрит в OPAC Не
944 ## - СЪЗДАВАНЕ И РЕДАКЦИЯ на ЗАПИСА
Създаване/Редакция Създаване
Дата на регистрацията/редакция 11.01.2011
Статус, дата на статуса добави в АБ / 10.01.2011
Служител, извършил регистрацията/редакцията Наталия_Любомирова
944 ## - СЪЗДАВАНЕ И РЕДАКЦИЯ на ЗАПИСА
Създаване/Редакция Редакция
Дата на регистрацията/редакция 11.01.2011
Статус, дата на статуса добави в АБ / 10.01.2011
Служител, извършил регистрацията/редакцията
999 ## - СИСТЕМНИ КОНТРОЛНИ НОМЕРА
Koha biblionumber 115247
Koha biblioitemnumber 115247
Наличности
Код за отписване Код за изгубен артикул Източник на класификационната схема Код за повреда Коз за рестрикции Код за отдаване Артикулен № Име на библиотеката - собственик Име на библиотеката, в която се намира в момента Статус (Текущо местоположение) Дата на вписване в системата Местоположение - отдел Цена в лева Инвентарен номер Систематично азбучна сигнатура Баркод Номер на екземпляра Цена в евро Служебна бележка Служебен тип на артикула
  Не е изгубен Universal Decimal Classification Не е повреден без рестрикции заемане за дома 185074 Регионална библиотека "Любен Каравелов" Русе Регионална библиотека "Любен Каравелов" Русе Отдел Изкуство - подръчен фонд 1987-01-01 Отдел Изкуство - подръчен фонд 1.12 493091 745/749/Л 23 120000493091 1 0.57 N: стар фонд Дата: 01.01.1987 Дата инв: 07.06.2012 Бележки инв: * Книги
Vip Innovations Ltd, Rousse, Bulgaria 2025